|
|
|
|
| LEADER |
00000naa0a2200000 4500 |
| 001 |
591519 |
| 005 |
20250103173309.0 |
| 035 |
|
|
|a (RuTPU)RU\TPU\tpu\1857
|
| 035 |
|
|
|a TPU00001857
|
| 090 |
|
|
|a 591519
|
| 100 |
|
|
|a 20011210d1929 k||y0rusy50 ba
|
| 101 |
0 |
|
|a ger
|
| 102 |
|
|
|a RU
|
| 200 |
1 |
|
|a Uber die Haftfestigkeit von Kohlenwasserstoffresten on Banerstoffin Essigsanre-Estern
|f Б. В. Тронов, Н. Х. Сибгатуллин
|
| 461 |
|
|
|t Berichte der Deutschen chemischen Jesellschaft
|
| 463 |
|
|
|t V. 62
|v S. 2850-2856
|d 1929
|
| 610 |
1 |
|
|a химические науки
|
| 610 |
1 |
|
|a труды учёных ТПУ
|
| 700 |
|
1 |
|a Тронов
|b Б. В.
|
| 701 |
|
1 |
|a Сибгатуллин
|b Н. Х.
|
| 801 |
|
0 |
|a RU
|b 63413507
|c 20011210
|g PSBO
|
| 801 |
|
2 |
|a RU
|b 63413507
|c 20060309
|g PSBO
|
| 942 |
|
|
|c CR
|